| 000 | 01559nam0a22003011 4500 | ||
|---|---|---|---|
| 001 | rc\2145724 | ||
| 005 | 20260406114957.0 | ||
| 035 | _a(NLR Aleph) 006520975 | ||
| 090 |
_a6429832 _c6429832 |
||
| 100 | _a20110826d1978 |||y0rusy50 ca | ||
| 101 | 0 | _arus | |
| 102 | _aRU | ||
| 105 | _aa z |||a| | ||
| 200 | 1 |
_aПоэмы _e[Для сред. и ст. шк. возраста] _f[Вступ. статья и примеч. Т.А. Ивановой] |
|
| 210 |
_aКиев _cВеселка _d1978 |
||
| 215 |
_a207 с., 4 л. ил. _cил. _d20 |
||
| 327 | 1 | _aСодерж.: Измаил-Бей; Песня про царя Ивана Васильевича, молодого опричника и удалого купца Калашникова; Демон; Мцыри; Беглец | |
| 464 | 0 |
_12001#$aИзмаил-Бей$aПесня про царя Ивана Васильевича, молодого опричника и удалого купца Калашникова$aДемон$aМцыри$aБеглец _tБеглец |
|
| 686 |
_aШ9(2)6=Р52-51 _2rubbk |
||
| 700 | 1 |
_7ca _8rus _aЛермонтов _bМ. Ю. _cпоэт _f1814-1841 _gМихаил Юрьевич _9110383 _3RU\NLR\auth\77328 |
|
| 702 | 1 |
_4570 _aИванова _bТ. А. _cлитературовед, музейный работник _f1893-1980 _gТатьяна Александровна _9224550 _3RU\NLR\AUTH\770224606 |
|
| 801 | 0 |
_aRU _bNLR _gpsbo |
|
| 801 | 1 |
_aRU _bELAR _2rusmarc |
|
| 852 |
_aNLR _j78-3/7576 |
||
| 899 |
_aRuMoRGB _jM 78-8/608 |
||
| 942 | _cBOOK | ||
| 980 | _aNB | ||